000 00631nam a22002297a 4500
003 Ost
005 20251027112431.0
008 250902b |||||||| |||| 00| 0 eng d
020 _a9781394179107
040 _cBT-PhCST
050 _a25554-25556
082 _222
_a628.1
_bWAN
100 _aWang, Lawrence K.
245 _aWater and wastewater engineering :
_bhydraulics, hydrology and management /
250 _a4th ed.
260 _aNew Jersey :
_bwiley,
_cc2024.
300 _axxvi, 790 p. ;
_bill. ;
_c28 cm.
500 _aincludes index
700 _aWang, Mu-Hau Sung.
700 _aShammas, Nazih.
942 _2ddc
_cWRE
999 _c10105
_d10105